Statistics for Second Biggest Cities A-Z

Click here to take the quiz!

General Stats

  • This quiz has been taken 39 times
  • The average score is 9 of 26

Answer Stats

PopulationLetterCountry% Correct
23,200,000MMumbai
75%
17,100,000LLagos
63%
13,700,000TTehran
56%
10,000,000CChennai
53%
17,600,000DDhaka
50%
16,000,000KKolkata
50%
16,900,000BBangkok
47%
24,400,000SSeoul
47%
6,650,000XXi'an
47%
13,400,000JJohannesburg
44%
10,400,000NNagoya
38%
6,700,000RRiyadh
38%
4,975,000GGuadalajara
34%
1,300,000UUlaan Baatar
34%
8,000,000WWuhan
34%
2,555,000QQuito
31%
5,500,000AAtlanta
28%
8,300,000HHangzhou
28%
7,300,000PPhiladelphia
28%
2,150,000VVienna
25%
3,075,000OOrlando
22%
1,020,000EEl Paso
19%
3,925,000FFuzhou
19%
3,325,000ZZibo
16%
3,150,000IIbadan
9%
2,275,000YYaounde
9%

Score Distribution

Percentile by Number Answered

Percent of People with Each Score

Your Score History

You have not taken this quiz